<?xml version="1.0" encoding="UTF-8"?>
<record
    xmlns:xsi="http://www.w3.org/2001/XMLSchema-instance"
    xsi:schemaLocation="http://www.loc.gov/MARC21/slim http://www.loc.gov/standards/marcxml/schema/MARC21slim.xsd"
    xmlns="http://www.loc.gov/MARC21/slim">

  <leader>01562nam a2200277Ia 4500</leader>
  <datafield tag="999" ind1=" " ind2=" ">
    <subfield code="c">36376</subfield>
    <subfield code="d">36376</subfield>
  </datafield>
  <controlfield tag="001">2288</controlfield>
  <controlfield tag="003">GE_BSU</controlfield>
  <controlfield tag="005">20190501121725.0</controlfield>
  <controlfield tag="008">181216s2002||||ge |||||||||||||| ||geo||</controlfield>
  <datafield tag="020" ind1=" " ind2=" ">
    <subfield code="a">5505016812</subfield>
  </datafield>
  <datafield tag="040" ind1=" " ind2=" ">
    <subfield code="c">GE_BSU</subfield>
  </datafield>
  <datafield tag="041" ind1=" " ind2=" ">
    <subfield code="a">geo</subfield>
  </datafield>
  <datafield tag="080" ind1=" " ind2=" ">
    <subfield code="a">639/635(075.8) &#x10D9;&#x2013;89</subfield>
  </datafield>
  <datafield tag="245" ind1=" " ind2=" ">
    <subfield code="a">&#x10D9;&#x10E3;&#x10DA;&#x10E2;&#x10E3;&#x10E0;&#x10E3;&#x10DA; &#x10DB;&#x10EA;&#x10D4;&#x10DC;&#x10D0;&#x10E0;&#x10D4;&#x10D7;&#x10D0; &#x10E1;&#x10D4;&#x10DA;&#x10D4;&#x10E5;&#x10EA;&#x10D8;&#x10D0;, &#x10DB;&#x10D4;&#x10D7;&#x10D4;&#x10E1;&#x10DA;&#x10D4;&#x10DD;&#x10D1;&#x10D0; &#x10D3;&#x10D0; &#x10D7;&#x10D4;&#x10E1;&#x10DA;&#x10DB;&#x10EA;&#x10DD;&#x10D3;&#x10DC;&#x10D4;&#x10DD;&#x10D1;&#x10D0; :</subfield>
    <subfield code="b">&#x10E1;&#x10D0;&#x10EE;&#x10D4;&#x10DA;&#x10DB;&#x10EB;&#x10E6;&#x10D5;. &#x10DB;&#x10EA;&#x10D4;&#x10DC;&#x10D0;&#x10E0;&#x10D4;&#x10D7;&#x10D0; &#x10D2;&#x10D4;&#x10DC;&#x10D4;&#x10E2;&#x10D8;&#x10D9;&#x10D8;&#x10E1;, &#x10E1;&#x10D4;&#x10DA;&#x10D4;&#x10E5;&#x10EA;&#x10D8;&#x10D8;&#x10E1;&#x10D0; &#x10D3;&#x10D0; &#x10D0;&#x10D2;&#x10E0;&#x10DD;&#x10D2;. &#x10E1;&#x10DE;&#x10D4;&#x10EA;. &#x10E1;&#x10E2;&#x10E3;&#x10D3;. /</subfield>
    <subfield code="c">&#x10DE;&#x10D4;&#x10E2;&#x10E0;&#x10D4; &#x10DC;&#x10D0;&#x10E1;&#x10E7;&#x10D8;&#x10D3;&#x10D0;&#x10E8;&#x10D5;&#x10D8;&#x10DA;&#x10D8;, &#x10DB;&#x10D0;&#x10D9;&#x10D0; &#x10DC;&#x10D0;&#x10E1;&#x10E7;&#x10D8;&#x10D3;&#x10D0;&#x10E8;&#x10D5;&#x10D8;&#x10DA;&#x10D8;, &#x10DB;&#x10D0;&#x10E0;&#x10D8;&#x10D0;&#x10DB; &#x10E1;&#x10D8;&#x10EE;&#x10D0;&#x10E0;&#x10E3;&#x10DA;&#x10D8;&#x10EB;&#x10D4;, &#x10E8;&#x10DD;&#x10D7;&#x10D0; &#x10E1;&#x10E3;&#x10E0;&#x10D2;&#x10E3;&#x10DA;&#x10D0;&#x10EB;&#x10D4;.</subfield>
  </datafield>
  <datafield tag="264" ind1=" " ind2=" ">
    <subfield code="a">&#x10D7;&#x10D1;&#x10D8;&#x10DA;&#x10D8;&#x10E1;&#x10D8; :</subfield>
    <subfield code="b">&#x10D2;&#x10D0;&#x10DC;&#x10D0;&#x10D7;&#x10DA;&#x10D4;&#x10D1;&#x10D0;,</subfield>
    <subfield code="c">2002.</subfield>
  </datafield>
  <datafield tag="300" ind1=" " ind2=" ">
    <subfield code="a">592 &#x10D2;&#x10D5;. ;</subfield>
    <subfield code="b">20 &#x10E1;&#x10DB;.</subfield>
  </datafield>
  <datafield tag="504" ind1=" " ind2=" ">
    <subfield code="a">&#x10D1;&#x10D8;&#x10D1;&#x10DA;&#x10D8;&#x10DD;&#x10D2;&#x10E0;.: &#x10D2;&#x10D5;. 584.</subfield>
  </datafield>
  <datafield tag="653" ind1=" " ind2=" ">
    <subfield code="a">&#x10E1;&#x10DD;&#x10E4;&#x10DA;&#x10D8;&#x10E1; &#x10DB;&#x10D4;&#x10E3;&#x10E0;&#x10DC;&#x10D4;&#x10DD;&#x10D1;&#x10D0;</subfield>
  </datafield>
  <datafield tag="653" ind1=" " ind2=" ">
    <subfield code="a">&#x10DB;&#x10EA;&#x10D4;&#x10DC;&#x10D0;&#x10E0;&#x10D4;&#x10D7;&#x10D0; &#x10E1;&#x10D4;&#x10DA;&#x10D4;&#x10E5;&#x10EA;&#x10D8;&#x10D0;</subfield>
  </datafield>
  <datafield tag="653" ind1=" " ind2=" ">
    <subfield code="a">&#x10D7;&#x10D4;&#x10E1;&#x10DA;&#x10DB;&#x10EA;&#x10DD;&#x10D3;&#x10DC;&#x10D4;&#x10DD;&#x10D1;&#x10D0;</subfield>
  </datafield>
  <datafield tag="700" ind1=" " ind2=" ">
    <subfield code="a">&#x10DC;&#x10D0;&#x10E1;&#x10E7;&#x10D8;&#x10D3;&#x10D0;&#x10E8;&#x10D5;&#x10D8;&#x10DA;&#x10D8;, &#x10DE;&#x10D4;&#x10E2;&#x10E0;&#x10D4; </subfield>
    <subfield code="e">&#x10D0;&#x10D5;&#x10E2;&#x10DD;&#x10E0;&#x10D8;</subfield>
    <subfield code="9">581</subfield>
  </datafield>
  <datafield tag="700" ind1=" " ind2=" ">
    <subfield code="a">&#x10DC;&#x10D0;&#x10E1;&#x10E7;&#x10D8;&#x10D3;&#x10D0;&#x10E8;&#x10D5;&#x10D8;&#x10DA;&#x10D8;, &#x10DB;&#x10D0;&#x10D9;&#x10D0; </subfield>
    <subfield code="9">582</subfield>
  </datafield>
  <datafield tag="700" ind1=" " ind2=" ">
    <subfield code="a">&#x10E1;&#x10D8;&#x10EE;&#x10D0;&#x10E0;&#x10E3;&#x10DA;&#x10D8;&#x10EB;&#x10D4;, &#x10DB;&#x10D0;&#x10E0;&#x10D8;&#x10D0;&#x10DB; </subfield>
    <subfield code="e">&#x10D0;&#x10D5;&#x10E2;&#x10DD;&#x10E0;&#x10D8;</subfield>
    <subfield code="9">583</subfield>
  </datafield>
  <datafield tag="700" ind1=" " ind2=" ">
    <subfield code="a">&#x10E1;&#x10E3;&#x10E0;&#x10D2;&#x10E3;&#x10DA;&#x10D0;&#x10EB;&#x10D4;, &#x10E8;&#x10DD;&#x10D7;&#x10D0; </subfield>
    <subfield code="e">&#x10D0;&#x10D5;&#x10E2;&#x10DD;&#x10E0;&#x10D8;</subfield>
    <subfield code="9">584</subfield>
  </datafield>
  <datafield tag="942" ind1=" " ind2=" ">
    <subfield code="c">BK</subfield>
    <subfield code="2">udc</subfield>
  </datafield>
  <datafield tag="952" ind1=" " ind2=" ">
    <subfield code="0">0</subfield>
    <subfield code="1">0</subfield>
    <subfield code="2">udc</subfield>
    <subfield code="4">0</subfield>
    <subfield code="6">6396350758_&#x10D9;89</subfield>
    <subfield code="7">0</subfield>
    <subfield code="9">35245</subfield>
    <subfield code="a">CPL</subfield>
    <subfield code="b">CPL</subfield>
    <subfield code="c">GEN</subfield>
    <subfield code="d">2018-12-17</subfield>
    <subfield code="g">20.00</subfield>
    <subfield code="o">639/635(075.8) &#x10D9;&#x2013;89</subfield>
    <subfield code="p">4013</subfield>
    <subfield code="r">2018-12-17</subfield>
    <subfield code="t">4013</subfield>
    <subfield code="w">2018-12-17</subfield>
    <subfield code="y">BK</subfield>
    <subfield code="z">20 &#x10DA;.</subfield>
  </datafield>
  <datafield tag="952" ind1=" " ind2=" ">
    <subfield code="0">0</subfield>
    <subfield code="1">0</subfield>
    <subfield code="2">udc</subfield>
    <subfield code="4">0</subfield>
    <subfield code="6">6396350758_&#x10D9;89</subfield>
    <subfield code="7">0</subfield>
    <subfield code="9">35246</subfield>
    <subfield code="a">CPL</subfield>
    <subfield code="b">CPL</subfield>
    <subfield code="c">GEN</subfield>
    <subfield code="d">2018-12-17</subfield>
    <subfield code="g">20.00</subfield>
    <subfield code="o">639/635(075.8) &#x10D9;&#x2013;89</subfield>
    <subfield code="p">4012</subfield>
    <subfield code="r">2018-12-17</subfield>
    <subfield code="t">4012</subfield>
    <subfield code="w">2018-12-17</subfield>
    <subfield code="y">BK</subfield>
    <subfield code="z">20 &#x10DA;.</subfield>
  </datafield>
  <datafield tag="952" ind1=" " ind2=" ">
    <subfield code="0">0</subfield>
    <subfield code="1">0</subfield>
    <subfield code="2">udc</subfield>
    <subfield code="4">0</subfield>
    <subfield code="6">6396350758_&#x10D9;89</subfield>
    <subfield code="7">0</subfield>
    <subfield code="9">35247</subfield>
    <subfield code="a">CPL</subfield>
    <subfield code="b">CPL</subfield>
    <subfield code="c">GEN</subfield>
    <subfield code="d">2018-12-17</subfield>
    <subfield code="g">20.00</subfield>
    <subfield code="o">639/635(075.8) &#x10D9;&#x2013;89</subfield>
    <subfield code="p">4011</subfield>
    <subfield code="r">2018-12-17</subfield>
    <subfield code="t">4011</subfield>
    <subfield code="w">2018-12-17</subfield>
    <subfield code="y">BK</subfield>
    <subfield code="z">20 &#x10DA;.</subfield>
  </datafield>
  <datafield tag="952" ind1=" " ind2=" ">
    <subfield code="0">0</subfield>
    <subfield code="1">0</subfield>
    <subfield code="2">udc</subfield>
    <subfield code="4">0</subfield>
    <subfield code="6">6396350758_&#x10D9;89</subfield>
    <subfield code="7">0</subfield>
    <subfield code="9">35248</subfield>
    <subfield code="a">CPL</subfield>
    <subfield code="b">CPL</subfield>
    <subfield code="c">GEN</subfield>
    <subfield code="d">2018-12-17</subfield>
    <subfield code="g">20.00</subfield>
    <subfield code="o">639/635(075.8) &#x10D9;&#x2013;89</subfield>
    <subfield code="p">4010</subfield>
    <subfield code="r">2018-12-17</subfield>
    <subfield code="t">4010</subfield>
    <subfield code="w">2018-12-17</subfield>
    <subfield code="y">BK</subfield>
    <subfield code="z">20 &#x10DA;.</subfield>
  </datafield>
  <datafield tag="952" ind1=" " ind2=" ">
    <subfield code="0">0</subfield>
    <subfield code="1">0</subfield>
    <subfield code="2">udc</subfield>
    <subfield code="4">0</subfield>
    <subfield code="6">6396350758_&#x10D9;89</subfield>
    <subfield code="7">0</subfield>
    <subfield code="9">35249</subfield>
    <subfield code="a">CPL</subfield>
    <subfield code="b">CPL</subfield>
    <subfield code="c">GEN</subfield>
    <subfield code="d">2018-12-17</subfield>
    <subfield code="g">20.00</subfield>
    <subfield code="o">639/635(075.8) &#x10D9;&#x2013;89</subfield>
    <subfield code="p">4009</subfield>
    <subfield code="r">2018-12-17</subfield>
    <subfield code="t">4009</subfield>
    <subfield code="w">2018-12-17</subfield>
    <subfield code="y">BK</subfield>
    <subfield code="z">20 &#x10DA;.</subfield>
  </datafield>
  <datafield tag="952" ind1=" " ind2=" ">
    <subfield code="0">0</subfield>
    <subfield code="1">0</subfield>
    <subfield code="2">udc</subfield>
    <subfield code="4">0</subfield>
    <subfield code="6">6396350758_&#x10D9;89</subfield>
    <subfield code="7">0</subfield>
    <subfield code="9">35250</subfield>
    <subfield code="a">CPL</subfield>
    <subfield code="b">CPL</subfield>
    <subfield code="c">GEN</subfield>
    <subfield code="d">2018-12-17</subfield>
    <subfield code="g">20.00</subfield>
    <subfield code="o">639/635(075.8) &#x10D9;&#x2013;89</subfield>
    <subfield code="p">4008</subfield>
    <subfield code="r">2018-12-17</subfield>
    <subfield code="t">4008</subfield>
    <subfield code="w">2018-12-17</subfield>
    <subfield code="y">BK</subfield>
    <subfield code="z">20 &#x10DA;.</subfield>
  </datafield>
  <datafield tag="952" ind1=" " ind2=" ">
    <subfield code="0">0</subfield>
    <subfield code="1">0</subfield>
    <subfield code="2">udc</subfield>
    <subfield code="4">0</subfield>
    <subfield code="6">6396350758_&#x10D9;89</subfield>
    <subfield code="7">0</subfield>
    <subfield code="9">35251</subfield>
    <subfield code="a">CPL</subfield>
    <subfield code="b">CPL</subfield>
    <subfield code="c">GEN</subfield>
    <subfield code="d">2018-12-17</subfield>
    <subfield code="h">20 &#x10DA;.</subfield>
    <subfield code="o">639/635(075.8) &#x10D9;&#x2013;89</subfield>
    <subfield code="p">4007</subfield>
    <subfield code="r">2018-12-17</subfield>
    <subfield code="t">4007</subfield>
    <subfield code="w">2018-12-17</subfield>
    <subfield code="y">BK</subfield>
    <subfield code="z">20.00</subfield>
  </datafield>
  <datafield tag="952" ind1=" " ind2=" ">
    <subfield code="0">0</subfield>
    <subfield code="1">0</subfield>
    <subfield code="2">udc</subfield>
    <subfield code="4">0</subfield>
    <subfield code="6">6396350758_&#x10D9;89</subfield>
    <subfield code="7">0</subfield>
    <subfield code="9">103375</subfield>
    <subfield code="a">MPL</subfield>
    <subfield code="b">MPL</subfield>
    <subfield code="c">GEN</subfield>
    <subfield code="d">2025-06-13</subfield>
    <subfield code="g">10.00</subfield>
    <subfield code="o">639/635(075.8) &#x10D9;&#x2013;89</subfield>
    <subfield code="p">71821</subfield>
    <subfield code="r">2025-06-13</subfield>
    <subfield code="t">71821</subfield>
    <subfield code="w">2025-06-13</subfield>
    <subfield code="y">BK</subfield>
    <subfield code="z">10.00</subfield>
  </datafield>
</record>
